| 000 | 00741nam a2200229Ia 4500 | ||
|---|---|---|---|
| 005 | 20250507130337.0 | ||
| 008 | 008 250505s9999 xx 000 0 eng d | ||
| 020 | _a9780742524552 | ||
| 037 | _aAnnuals, Advances | ||
| 040 |
_aEASL _beng _cEASL |
||
| 041 |
_aeng _2eng |
||
| 084 |
_aW94.42.N, P6 _qEASL |
||
| 100 | _aMcveigh Brian J. | ||
| 245 | 0 | _aNationalisms of Japan: Managing and mystifying identity | |
| 260 |
_aUSA _bLanham Rowman and Littlefield Publishers _c2006 |
||
| 300 | _axii,333p. | ||
| 365 | _b2753.00 (each) | ||
| 490 |
_aAsia/Pacific/Perspectives _vV.1 |
||
| 650 |
_aJapan - Civilization; Nationalism - Japan; JEL _9755235 |
||
| 942 |
_cTEXL _hW94.42.N, P6 |
||
| 999 |
_c1319134 _d1319134 |
||